Missing Word: Shared Word I Quiz Stats

 Plays Quiz Updated Mar 8, 2016

Challenge
Share
Tweet
Embed
Score 0/20 Timer 03:00
0 Plays Today
Song Title Shared Word % Correct
Wanted Dead or ___
(Bon Jovi)
Alive
99.6%
She Drives Me ___
(Fine Young Cannibals)
Crazy
95.9%
When I ___ of You
(Janet Jackson)
Think
91%
Diamonds are___
(Shirley Bassey)
Forever
84.5%
Living on the ___
(Aerosmith)
Edge
82.5%
Back in ___
(AC/DC)
Black
79.7%
I ___ to Know
(Marc Anthony)
Need
66.2%
Don't Be ___
(Elvis Presley)
Cruel
64.9%
I Am a ___
(Simon & Garfunkel)
Rock
62.9%
What the ___
(Avril Lavigne)
Hell
62%
Song Title Shared Word % Correct
Hard to Say I'm ___
(Chicago)
Sorry
60.7%
As ___ Go By
(Rolling Stones)
Tears
54.2%
Thick as a ___
(Jethro Tull)
Brick
52.6%
Better Off ___
(Alice Deejay)
Alone
51.8%
Jungle ___
(Kool & the Gang)
Boogie
40.3%
Mr. ___
(Peggy Lee)
Wonderful
34.5%
Two of ___
(Stacey Q)
Hearts
33.6%
I Love Your ___
(Shanice)
Smile
24.4%
___ of Love
(Yes)
Rhythm
20.9%
Let's Get ___
(Jagged Edge)
Married
18.9%

Today's Daily Dose

You're not logged in!

Compare scores with friends on all Sporcle quizzes.
OR
Log In

You Might Also Like...

Show Comments

Extras

Top Quizzes Today


Score Distribution

Your Account Isn't Verified!

In order to create a playlist on Sporcle, you need to verify the email address you used during registration. Go to your Sporcle Settings to finish the process.

Report this User

Report this user for behavior that violates our Community Guidelines.

Details: